000 00536nam a2200181Ia 4500
005 20250923144308.0
008 008 250917s9999 xx 000 0 eng d
037 _aTextual
040 _aDSWL
_beng
_cDSWL
041 _aeng
_2eng
084 _aY31:4:6:2:N3, G1
_qDSWL
100 _aPillay, A.P.
_9823348
245 0 _aWelfare problems in rural India
_cby A.P. Pillay
260 _aBombay
_bB. Taraporewala
_c1931
300 _a196 p.
942 _cTEXL
_hY31:4:6:2:N3, G1
999 _c1437117
_d1437117